[Event "IECC CL2-2000.33"]
[Site "IECC email"]
[Date "2000.09.14"]
[Round "?"]
[White "Khlystov, Alexander"]
[Black "Razvan, Andrei H"]
[Result "1-0"]
[WhiteElo "2147"]
[BlackElo "2121"]
[PlyCount "63"]
[EventDate "2000.??.??"]
[EventType "tourn (corr)"]
[EventRounds "4"]
[SourceTitle "Corr 2008"]
[Source "ChessBase"]
[SourceDate "2008.06.24"]
[SourceVersion "1"]
[SourceVersionDate "2008.06.24"]
[SourceQuality "1"]

1. e4 g6 2. d4 Bg7 3. Nc3 c6 4. Nf3 d5 5. h3 Nh6 6. Bf4 f6 7. exd5 cxd5 8. Nb5 Na6 9. c4 0-0 10. Qb3 e6 11. Be2 dxc4 12. Bxc4 Qa5+ 13. Bd2 Qb6 14. 0-0 Re8 15. a4 Nf7 16. Rfe1 Bd7 17. a5 Qd8 18. Rac1 Re7 19. Bxe6 Bxe6 20. Rxe6 Rxe6 21. Qxe6 Bf8 22. Qc4 Qd7 23. b4 h6 24. d5 Kh7 25. d6 Nxd6 26. Nxd6 Bxd6 27. Qd4 Qd8 28. b5 Nc7 29. b6 Nb5 30. Qe3 Bf8 31. bxa7 Nxa7 32. Nd4 1-0

[Event "IECC CL2-2000.12"]
[Site "IECC email"]
[Date "2000.02.17"]
[Round "?"]
[White "Khlystov, Alexander"]
[Black "Mishnaevsky, Gideon"]
[Result "1-0"]
[WhiteElo "2100"]
[BlackElo "2079"]
[PlyCount "109"]
[EventDate "2000.??.??"]
[EventType "tourn (corr)"]
[EventRounds "4"]
[SourceTitle "Corr 2008"]
[Source "ChessBase"]
[SourceDate "2008.06.24"]
[SourceVersion "1"]
[SourceVersionDate "2008.06.24"]
[SourceQuality "1"]

1. d4 Nf6 2. c4 d6 3. Nc3 e5 4. Nf3 Nbd7 5. e4 c6 6. Be2 g6 7. 0-0 Bg7 8. Qc2 0-0 9. Rd1 exd4 10. Nxd4 Re8 11. f3 Qc7 12. Be3 b6 13. b4 a6 14. Rd2 Ne5 15. Rad1 Bb7 16. Nb3 Rad8 17. a4 h6 18. a5 bxa5 19. Nxa5 Bc8 20. Na4 c5 21. Nb3 Bd7 22. Qa2 Bxa4 23. Qxa4 cxb4 24. Qxa6 Ra8 25. Qxd6 Qxd6 26. Rxd6 Ra3 27. Rb1 Ned7 28. Bc1 Ra2 29. Rd2 Rea8 30. c5 Ne5 31. Rxa2 Rxa2 32. Bb5 Ra8 33. f4 Nxe4 34. fxe5 Nc3 35. Bc6 Ra2 36. Rb2 Ne2+ 37. Rxe2 Rxe2 38. Bd2 Rxe5 39. Bxb4 Re7 40. Bd5 Be5 41. c6 Re8 42. Nc5 Ra8 43. Kf2 Bc7 44. Ne4 Kg7 45. Bd6 Bb6+ 46. Kf3 h5 47. Be5+ Kf8 48. Nd6 Ra3+ 49. Kf4 f6 50. Bxf6 Bc7 51. Be5 Ra5 52. Ke4 Ke7 53. Nc4 Ra7 54. Bxc7 Rxc7 55. Ke5 1-0